Países por su gentilicio - Estadísticas

Estadísticas generales
  • Esta prueba ha sido intentada 71 veces
  • La puntuación promedio es 15 de 15
Estadísticas de respuestas
Gentilicio Pais % Correcto
Aleman/a Alemania
100%
Belga Belgica
100%
Español/a España
100%
Guatemalteco/a Guatemala
100%
Indio/a India
100%
Indones/a Indonesia
100%
Japones/a Japon
100%
Mexicano/a Mexico
100%
Nerlandes/Holandes Paises bajos
100%
Ingles/a Reino unido
100%
Israeli Israel
98%
Pakistaní Pakistan
98%
Ruso/a Rusia
98%
Turco Turquia
98%
Uzbeko Uzbekistan
96%
No se encontraron pruebas coincidentes
Distribución de puntuación
Porcentaje de gente con cada puntuación
Porcentaje por número respondido
Historial de tus puntuaciones
No has intentado esta prueba.